Southville International School and Colleges
Your cart is empty.
  • Cart
  • Lists
    Public lists Eva Luna New books Lux_list list_1
    Your lists Log in to create your own lists
  • Log in to your account
  • Your cookies
  • Search history
Southville International School and Colleges
  • Advanced search
  • Recent comments
  • Most popular
  • Libraries

Log in to your account

Log in with GOOGLE


If you do not have an external account, but do have a local account, you can still log in:

  1. Home
  2. MARC view: My pals are here! :
Normal view MARC view ISBD view

My pals are here! : (Record no. 275467)

[ view plain ]
MARC details
000 -LEADER
fixed length control field 00553nam a2200169Ia 4500
008 - FIXED-LENGTH DATA ELEMENTS--GENERAL INFORMATION
fixed length control field 140910s9999 xx 000 0 und d
020 ## - INTERNATIONAL STANDARD BOOK NUMBER
International Standard Book Number 9789810113872
050 ## - LIBRARY OF CONGRESS CALL NUMBER
Classification number QA 135.5
Item number .K45m6a 2013
100 ## - MAIN ENTRY--PERSONAL NAME
Personal name Kheong, Dr. Fong Ho.
245 ## - TITLE STATEMENT
Title My pals are here! :
Remainder of title maths 6A /
Statement of responsibility, etc Dr. Fong Ho Keong, Chelvi Ramakrishnan.
250 ## - EDITION STATEMENT
Edition statement 2nd ed.
260 ## - PUBLICATION, DISTRIBUTION, ETC. (IMPRINT)
Place of publication, distribution, etc Malaysia :
Name of publisher, distributor, etc Marshall Cavendish Education,
Date of publication, distribution, etc c2013.
300 ## - PHYSICAL DESCRIPTION
Extent 297 pages :
Other physical details colored, illustration ;
Dimensions 30 cm.
504 ## - BIBLIOGRAPHY, ETC. NOTE
Bibliography, etc Includes appendices
650 ## - SUBJECT ADDED ENTRY--TOPICAL TERM
Topical term or geographic name as entry element Mathematics
General subdivision Study guide.
942 ## - ADDED ENTRY ELEMENTS (KOHA)
Koha item type Books
Holdings
Withdrawn status Lost status Damaged status Home library Current library Shelving location Date acquired Source of acquisition Total Checkouts Full call number Barcode Date last seen Price effective from Koha item type
      Luxembourg Library Luxembourg Library Teachers Reference Section 09/10/2014 Library Fund   QA 135.5 K45m6a 2013 19828 10/09/2015 09/10/2014 Books

My pals are here! :

APA

Kheong D. F. H., . (2013). My pals are here!. Malaysia: Marshall Cavendish Education.

Chicago

Kheong Dr Fong Ho, . 2013. My pals are here!. Malaysia: Marshall Cavendish Education.

Harvard

Kheong D. F. H., . (2013). My pals are here!. Malaysia: Marshall Cavendish Education.

MLA

Kheong Dr Fong Ho, . My pals are here!. Malaysia: Marshall Cavendish Education. 2013.

  • Place hold
  • Print
  • Cite
  • Add to your cart (remove)
  • Save record
    BIBTEX Dublin Core MARCXML MARC (non-Unicode/MARC-8) MARC (Unicode/UTF-8) MARC (Unicode/UTF-8, Standard) MODS (XML) RIS
  • More searches
    Search for this title in:
    Other Libraries (WorldCat) Other Databases (Google Scholar) Online Stores (Bookfinder.com) Open Library (openlibrary.org)

Exporting to Dublin Core...

SOUTHVILLE LIBRARY

Southville International School and Colleges Library

1281 Tropical Ave. Cor. Luxembourg St., BF Homes International, Las Pinas City

Tel. No. 8256374 / 252358 Loc. 117/146

Powered by Koha